000 00812nam0a22002651 4500
001 rc\79341
005 20260406123117.0
010 _a5-85255-509-6
_950000
035 _a(NLR Aleph) 005349449
090 _a6780684
_c6780684
100 _a20021216d1994 |||y0rusy50 ca
101 0 _arus
102 _aRU
105 _ay |||||||||
200 1 _aЛачуга должника
_e[Роман]
_fВадим Шефнер
210 _aМ.
_cИзд. центр "Терра"
_d1994
215 _a394, [1] с.
_d17
225 1 _aЧетвертое измерение
700 1 _8rus
_7ca
_aШефнер
_bВ.С.
_f1915-2002
_gВадим Сергеевич
_3RU\NLR\AUTH\77822
_9110862
801 0 _aRU
_bNLR
_gpsbo
801 1 _aRU
_bELAR
_2rusmarc
852 _aNLR
_j95-2/222
942 _cBOOK
980 _aNB